Complete IELTS : (Record no. 6332)

MARC details
000 -LEADER
fixed length control field 01514nam a22002417a 4500
001 - CONTROL NUMBER
control field 6332
003 - CONTROL NUMBER IDENTIFIER
control field FISKH
005 - DATE AND TIME OF LATEST TRANSACTION
control field 20250423105250.0
008 - FIXED-LENGTH DATA ELEMENTS--GENERAL INFORMATION
fixed length control field 250422b cb ||||| |||| 00| 0 eng d
020 ## - INTERNATIONAL STANDARD BOOK NUMBER
International Standard Book Number 9780521179607
040 ## - CATALOGING SOURCE
Original cataloging agency FISKH
Language of cataloging eng
Transcribing agency FISKH
Modifying agency FISKH
050 ## - LIBRARY OF CONGRESS CALL NUMBER
Classification number PE1128
082 ## - DEWEY DECIMAL CLASSIFICATION NUMBER
Classification number 428.24
100 ## - MAIN ENTRY--PERSONAL NAME
Personal name Brook-Hart, Guy
245 ## - TITLE STATEMENT
Title Complete IELTS :
Remainder of title Bands 4-5 Student's Book with Answer /
Statement of responsibility, etc. By Guy Brook-Hart and Vanessa Jakeman
250 ## - EDITION STATEMENT
Edition statement First published 2012
260 ## - PUBLICATION, DISTRIBUTION, ETC.
Place of publication, distribution, etc. Cambridge :
Name of publisher, distributor, etc. Cambridge University Press,
Date of publication, distribution, etc. 2012.
300 ## - PHYSICAL DESCRIPTION
Extent 198 pages :
Other physical details color illustrations , with CD-ROM ;
Dimensions 28 cm .
520 ## - SUMMARY, ETC.
Summary, etc. Complete IELTS combines the very best in contemporary classroom practice with stimulating topics aimed at young adults wanting to study at university. It is designed to introduce students to the critical thinking required for IELTS and provide strategies and skills to maximise their score. The 10 topic-based units offer step-by-step approach to completing the different task-types for reading and listening and stimulating speaking activities to increase confidence and fluency. A Language Reference provides further grammar and vocabulary explanations and examples while Writing and Speaking References complete with tasks, sample answers and exercises. The Student's Book includes a full IELTS practice test, and a CD-ROM containing additional skills, grammar and vocabulary exercises.
700 ## - ADDED ENTRY--PERSONAL NAME
Personal name Jakeman, Vanessa
Relator term Illustrator
942 ## - ADDED ENTRY ELEMENTS (KOHA)
Source of classification or shelving scheme Dewey Decimal Classification
Koha item type Books
Suppress in OPAC No
Holdings
Withdrawn status Lost status Source of classification or shelving scheme Damaged status Not for loan Collection Home library Current library Shelving location Date acquired Total Checkouts Full call number Barcode Date last seen Price effective from Koha item type
    Dewey Decimal Classification     Reference Footprints International School Library Network Toul Tom Poung Campus Footprints International School Library Network Toul Tom Poung Campus TTP Secondary Non-Fiction Bookshelves 04/22/2025   BRO 428.24 PE1128 FISSE03256 04/22/2025 04/22/2025 Books